Stati per popolazione immigrata - Statistics

Statistiche generali
  • Questo quiz è stato fatto 45 volte
  • Il punteggio medio è 13 su 20
Statistiche sulle risposte
Numero di immigrati Continente Stato % Corretto
7 439 000 Europa Francia
100%
9 845 244 Europa Germania
97%
5 026 153 Europa Italia
97%
11 048 000 Asia / Europa Russia
97%
45 785 090 America del Nord Stati Uniti
97%
6 466 605 Europa Spagna
95%
6 468 640 Oceania Australia
92%
7 284 069 America del Nord Canada
92%
7 824 000 Europa Regno Unito
92%
2 176 000 Asia Giappone
86%
9 060 433 Asia Arabia Saudita
65%
7 826 000 Asia Emirati Arabi Uniti
62%
2 940 000 Asia Israele
49%
3 079 000 Asia / Europa Kazakistan
43%
4 234 000 Asia Pakistan
41%
2 358 000 Asia Malaysia
35%
5 258 000 Europa Ucraina
35%
2 206 000 Asia Siria
22%
2 973 000 Asia Giordania
19%
2 371 000 Africa Costa d'Avorio
0%
Nessun quiz corrispondente trovato
Distribuzione punteggi
Percentuale di utenti per punteggio
Percentile per numero di risposta
I tuoi punteggi nel tempo
Non hai fatto questo quiz